=LDR 00000nam 2200000 4500 =001 INLIS000000000014539 =005 20200326093135 =035 ##$$a 0010-061300000014539 =008 200326################g##########0#ind## =041 ##$$a Ind =082 ##$$a 297.48 =090 ##$$a 155.5, Sha f =100 ##$$a Shaqr, Syeikh Athiyyah =245 1#$$a Fatwa kontemporer seputar dunia remaja, /$c Syeikh Athiyya Shaqr ; penerjemah wahib Aziz =260 ##$$a Jakarta :$b Amzah,$c 2003 =300 ##$$a xi, 108 hlm, : $b Ilus. ; $c 15 x 23 cm =650 #4$$a Remaja =700 #$$a Wahib Aziz =850 ##$$a NBPNMAT =020 ##$$a 979-9392-25-X =084 ##$$a 297.48 SHA f =250 ##$$a cet.1 =990 ##$$a 30500415 =990 ##$$a 30500416 =990 ##$$a 30500417 =990 ##$$a 30500418